[Event "scaramouche"]
[Site "http://www.queenalice.com/game.php?id=448881"]
[Date "2008.8.15"]
[Round "2"]
[White "mossy"]
[Black "scaramouche"]
[Result "1-0"]
[WhiteElo "1249"]
[BlackElo "1802"]

1. e4 e5 2. Nf3 f5 3. Nxe5 Qf6 4. d4 d6 5. Nf3 fxe4 6. Ng5 d5 7. Nc3 Bb4 8. a3
Bxc3+ 9. bxc3 Bf5 10. c4 Ne7 11. cxd5 Nxd5 12. Bd2 Qxd4 13. Be2 O-O 14. Rc1 Nc3
15. Be3 Qxd1+ 16. Bxd1 Nc6 17. Bc5 Rf6 18. O-O Nxd1 19. Rcxd1 Rd8 20. Rxd8+ Nxd8
21. Bxa7 b6 22. Bb8 Rc6 23. Rd1 Rxc2 24. Rxd8# 1-0

[Event "Challenge"]
[Site "http://www.queenalice.com/game.php?id=463218"]
[Date "2008.9.14"]
[Round "-"]
[White "Putz"]
[Black "mossy"]
[Result "0-1"]
[WhiteElo "1345"]
[BlackElo "1249"]

1. d4 d5 2. Nc3 Nf6 3. e3 Bg4 4. f3 Bf5 5. Bb5+ c6 6. Bd3 Bxd3 7. cxd3 e6 8. e4
dxe4 9. dxe4 g6 10. a4 Bg7 11. a5 O-O 12. b4 a6 13. Qd3 Qe7 14. e5 Nh5 15. Be3
Qxb4 16. Ne2 Qb2 17. Qd1 Qb4 18. g4 Qe7 19. gxh5 Qh4+ 20. Ng3 gxh5 21. Ra2 c5
22. Kf2 Nd7 23. Rb2 Rad8 24. Rxb7 Nxe5 25. Rb6 Nc4 26. Rxa6 cxd4 27. Ra8 dxe3+
28. Ke2 Rxd1 29. Rxd1 Rxa8 30. Nb5 Qxh2+ 31. Kd3 Nb2+ 32. Kxe3 Nxd1+ 0-1

[Event "Challenge2"]
[Site "http://www.queenalice.com/game.php?id=463219"]
[Date "2008.9.14"]
[Round "-"]
[White "mossy"]
[Black "Putz"]
[Result "1-0"]
[WhiteElo "1209"]
[BlackElo "1331"]

1. e4 g5 2. d4 e5 3. Nf3 exd4 4. Qxd4 f6 5. Bxg5 h6 6. Bh4 Nc6 7. Qc3 d6 8. Nbd2
h5 9. Be2 Qe7 10. O-O-O Be6 11. Bb5 O-O-O 12. Bxc6 bxc6 13. Qxc6 Qd7 14. Qa8#
1-0

[Event "Challenge"]
[Site "http://www.queenalice.com/game.php?id=467824"]
[Date "2008.9.24"]
[Round "-"]
[White "Fafner"]
[Black "mossy"]
[Result "1-0"]
[WhiteElo "1929"]
[BlackElo "1282"]

1. e4 e5 2. Nc3 Nf6 3. Bc4 Nc6 4. Nf3 Bc5 5. O-O O-O 6. d3 d6 7. Bg5 h6 8. Bh4
Be6 9. Re1 Qd7 10. Bxf6 gxf6 11. Qd2 Bg4 12. Qxh6 Nd4 13. Nd5 1-0

[Event "Challenge"]
[Site "http://www.queenalice.com/game.php?id=467825"]
[Date "2008.9.24"]
[Round "-"]
[White "mossy"]
[Black "Fafner"]
[Result "0-1"]
[WhiteElo "1282"]
[BlackElo "1913"]

1. e4 c6 2. d4 d5 3. f3 Qc7 4. Nc3 dxe4 5. fxe4 e5 6. Be3 exd4 7. Bxd4 Be6 8.
Qd2 c5 9. Be3 Nf6 10. O-O-O Be7 11. Bf4 Qb6 12. Bb5+ Nc6 13. Bc4 Bxc4 14. Bg5
O-O 15. b3 Be6 16. Nd5 Qd8 17. Bxf6 Bxf6 18. Nxf6+ Qxf6 19. Nf3 Qa1# 0-1

[Event "Challenge"]
[Site "http://www.queenalice.com/game.php?id=467828"]
[Date "2008.9.24"]
[Round "-"]
[White "flanny"]
[Black "mossy"]
[Result "1-0"]
[WhiteElo "1100"]
[BlackElo "1282"]

1. d3 e5 2. e4 Qf6 3. Nf3 Bb4+ 4. c3 Be7 5. Bg5 Qb6 6. Nbd2 d6 7. Nc4 Qb5 8. a4
Qc6 9. d4 f6 10. Be3 Be6 11. Na5 Qb6 12. b4 c5 13. dxc5 dxc5 14. Bb5+ Bd7 15.
Bc4 Qc7 16. Qd5 Nh6 17. Bxh6 gxh6 18. Qf7+ Kd8 19. Rd1 cxb4 20. Qd5 Nc6 21.
Nxc6+ bxc6 22. Qd2 Ke8 23. O-O Rd8 24. Qxh6 Rb8 25. Qg7 Rf8 26. Qxh7 Kd8 27. Be6
Bd6 28. Qf5 Kc8 29. cxb4 Rxb4 30. g4 Re8 31. Bxd7+ Qxd7 32. h3 Kc7 33. Qxf6 Re6
34. Qf5 Rxa4 35. Ra1 Rxa1 36. Rxa1 Kd8 37. Ng5 Re7 38. Qf6 Kc8 39. Rd1 Kc7 40.
Ra1 Kb6 41. f4 Bc5+ 42. Kh1 Qd2 43. Rb1+ Bb4 44. Qxe7 1-0

[Event "Challenge"]
[Site "http://www.queenalice.com/game.php?id=474503"]
[Date "2008.10.8"]
[Round "-"]
[White "Fafner"]
[Black "mossy"]
[Result "1-0"]
[WhiteElo "1940"]
[BlackElo "1252"]

1. e4 e5 2. f4 d5 3. exd5 Qxd5 4. Nc3 Qe6 5. Nf3 Be7 6. fxe5 Nc6 7. Bb5 Bd7 8.
Bxc6 Bxc6 9. O-O Qg4 10. d4 Bh4 11. Nxh4 Qxh4 12. d5 Bd7 13. Qf3 O-O-O 14. Be3
Nh6 15. Bxh6 Qxh6 16. Qxf7 Qe3+ 17. Kh1 Qxe5 18. Rae1 Qd4 19. Rd1 Qb4 20. Qxg7
Qxb2 21. Qd4 b6 22. Qd3 h5 23. Rb1 Qa3 24. Rb3 Qd6 25. Ne4 Qg6 26. a4 Rhg8 27.
g3 h4 28. a5 Bf5 29. Rxf5 Qxf5 30. Nd6+ Rxd6 31. Qxf5+ Kb7 32. axb6 axb6 33. Qf7
Rh8 34. c4 Kc8 35. Qf5+ Rd7 36. g4 Rh7 37. d6 Rf7 38. Qe6 h3 39. Rxh3 Kb7 40.
dxc7 Rxc7 41. Qd5+ Ka7 42. Ra3+ Kb8 43. Ra8# 1-0

[Event "Challenge"]
[Site "http://www.queenalice.com/game.php?id=494889"]
[Date "2008.11.18"]
[Round "-"]
[White "mossy"]
[Black "flanny"]
[Result "1-0"]
[WhiteElo "1252"]
[BlackElo "1391"]

1. e4 d6 2. d4 g6 3. c4 Nf6 4. Bd3 Bg7 5. Nf3 c5 6. d5 O-O 7. h3 e6 8. Nc3 Qe8
9. Nb5 Qe7 10. Bg5 h6 11. Bh4 a6 12. Qa4 Bd7 13. Qa5 g5 14. Bg3 e5 15. Nc7 Ra7
16. Qb6 Qd8 17. Qxd6 b6 18. Bxe5 Rxc7 19. Qxc7 Qe7 20. Qxb6 Qd8 21. Qxc5 Re8 22.
O-O g4 23. hxg4 Bxg4 24. Bxf6 Bxf6 25. Qe3 Nd7 26. Qxh6 Bxf3 27. e5 Bg7 28. Qh7+
Kf8 29. gxf3 Qg5+ 30. Kh1 Qxe5 31. Rae1 Qf6 32. d6 Qxf3+ 33. Kg1 Qg4+ 34. Kh2
Nf6 35. Rxe8+ Nxe8 36. Qe4 Qh5+ 37. Kg2 Nxd6 38. Qa8+ Ne8 39. Re1 f6 40. Qe4 f5
41. Qe7+ Kg8 42. Qxe8+ Qxe8 43. Rxe8+ Kf7 44. Ra8 f4 45. c5 Bxb2 46. c6 Ke7 47.
c7 1-0

[Event "Challenge"]
[Site "http://www.queenalice.com/game.php?id=511933"]
[Date "2008.12.24"]
[Round "-"]
[White "flanny"]
[Black "mossy"]
[Result "1-0"]
[WhiteElo "1211"]
[BlackElo "1277"]

1. e3 d5 2. g3 e5 3. Bg2 Nf6 4. Nf3 Nc6 5. O-O Be6 6. b3 Bd6 7. d4 e4 8. Ng5 Qd7
9. c4 h5 10. h4 dxc4 11. bxc4 Bxc4 12. Nc3 Bxf1 13. Qxf1 O-O-O 14. d5 Ne5 15.
Ncxe4 Nxd5 16. Bh3 Ng4 17. f3 Kb8 18. fxg4 f6 19. gxh5 Qe7 20. Ne6 Rde8 21. Qc4
Rxh5 22. Bg4 Nb6 23. Qf1 Re5 24. Qf3 Rxe6 25. Bxe6 Qxe6 26. Nxd6 Qxd6 27. a4 a6
28. Rb1 Qc5 29. Bd2 Qc2 30. Qd1 Qc5 31. Qb3 g5 32. h5 a5 33. Rc1 Qd6 34. Be1 Rh8
35. Rd1 Qe5 36. g4 f5 37. Rd4 fxg4 38. Qc3 Rxh5 39. Rd8+ 1-0

[Event "Challenge"]
[Site "http://www.queenalice.com/game.php?id=511935"]
[Date "2008.12.24"]
[Round "-"]
[White "Fafner"]
[Black "mossy"]
[Result "1-0"]
[WhiteElo "1982"]
[BlackElo "1256"]

1. e4 e5 2. Nc3 Nf6 3. Bc4 d5 4. exd5 c6 5. dxc6 Nxc6 6. d3 g6 7. Bg5 Bg7 8. Qd2
h6 9. Be3 Ne7 10. O-O-O O-O 11. Bxh6 Nf5 12. Bg5 Qd6 13. Nf3 a5 14. h4 Bd7 15.
Rde1 b5 16. Nxb5 Qb6 17. Nc3 Rab8 18. b3 a4 19. Nxe5 axb3 20. axb3 Nd4 21. Bxf6
Qa5 22. Na4 Qa7 23. Bxg7 Kxg7 24. h5 Rb6 25. hxg6 Rh8 26. Nxd7 Rxg6 27. Rxh8
Kxh8 28. Ne5 Rf6 29. Qg5 Qe7 30. Rh1+ 1-0

[Event "Challenge"]
[Site "http://www.queenalice.com/game.php?id=511936"]
[Date "2008.12.24"]
[Round "-"]
[White "scaramouche"]
[Black "mossy"]
[Result "1-0"]
[WhiteElo "1818"]
[BlackElo "1256"]

1. e4 e5 2. f4 Qf6 3. Nf3 Qxf4 4. d3 Qg4 5. Nc3 Qe6 6. Nd5 Bd6 7. Ng5 Qg6 8. Be2
h6 9. Bh5 Qxg5 10. Bxg5 hxg5 11. O-O Nf6 12. Nxf6+ gxf6 13. Rxf6 Bc5+ 14. Kh1 b6
15. Qg4 Rf8 16. Rxf7 Rxf7 17. Bxf7+ Kxf7 18. Rf1+ Kg6 19. Qf5+ Kh5 20. Qh7+ Kg4
21. h3+ Kg3 22. Rf3# 1-0

[Event "Challenge"]
[Site "http://www.queenalice.com/game.php?id=512617"]
[Date "2008.12.26"]
[Round "-"]
[White "mossy"]
[Black "scaramouche"]
[Result "0-1"]
[WhiteElo "1256"]
[BlackElo "1820"]

1. e4 e5 2. Bc4 d6 3. d4 exd4 4. Qxd4 Nc6 5. Qd3 Ne5 6. Qe2 Nf6 7. h3 Be7 8. f4
Nxc4 9. Qxc4 O-O 10. Nc3 a6 11. Be3 Be6 12. Qe2 c6 13. O-O-O Qa5 14. Kb1 b5 15.
Qd2 Nxe4 16. Nxe4 Qxa2+ 0-1

[Event "Challenge"]
[Site "http://www.queenalice.com/game.php?id=514046"]
[Date "2008.12.29"]
[Round "-"]
[White "mossy"]
[Black "Fafner"]
[Result "0-1"]
[WhiteElo "1256"]
[BlackElo "1981"]

1. e4 e5 2. Nf3 Nc6 3. Nc3 Nf6 4. g3 Be7 5. Bg2 O-O 6. O-O d6 7. d3 Be6 8. Be3
Qd7 9. Qd2 Bh3 10. Bxh3 Qxh3 11. Nb5 a6 12. Nxc7 Rac8 13. Nd5 h6 14. Nh4 Rfe8
15. Bxh6 Ng4 16. Nxe7+ Nxe7 17. Bxg7 Qxh2# 0-1

[Event "Challenge"]
[Site "http://www.queenalice.com/game.php?id=515661"]
[Date "2009.1.1"]
[Round "-"]
[White "flanny"]
[Black "mossy"]
[Result "0-1"]
[WhiteElo "1381"]
[BlackElo "1254"]

1. e3 e5 2. g3 d5 3. Nf3 Nc6 4. c4 Nf6 5. Nc3 Be6 6. Bg2 Bd6 7. O-O Qd7 8. Ng5
h6 9. Nf3 Bh3 10. Bxh3 Qxh3 11. d4 e4 12. Ne5 Nxe5 13. dxe5 Bxe5 14. Nxd5 Ng4
15. Qxg4 Qxg4 16. f4 Bd6 17. b4 f5 18. c5 c6 19. Nc3 Be7 20. Bb2 O-O-O 21. b5
Bxc5 22. Rae1 h5 23. Ne2 Rd2 24. Rf2 Bxe3 25. Bd4 Bxd4 26. Nxd4 Rxd4 27. bxc6
bxc6 28. Kg2 h4 29. Rh1 e3 30. h3 Qg6 31. Rf3 e2 32. Kf2 Re8 33. gxh4 Rd1 34.
Re1 Rxe1 35. Rg3 Rf1+ 36. Kg2 Qxg3+ 37. Kxg3 e1=Q+ 38. Kh2 Qf2# 0-1

[Event "Challenge"]
[Site "http://www.queenalice.com/game.php?id=531939"]
[Date "2009.1.30"]
[Round "-"]
[White "mossy"]
[Black "flanny"]
[Result "0-1"]
[WhiteElo "1293"]
[BlackElo "1321"]

1. e4 e5 2. Nc3 g6 3. Nf3 Nf6 4. d4 Nc6 5. Be3 Bb4 6. Qd2 Nxe4 7. Qd1 Nxc3 8.
bxc3 Bxc3+ 9. Nd2 O-O 10. Rb1 exd4 11. Bh6 Re8+ 12. Be2 d3 13. cxd3 Nd4 14. Be3
Qf6 15. O-O d5 16. Nf3 c5 17. Ng5 h5 18. Bxh5 Re5 19. h4 c4 20. g3 Qh8 21. Bg4
f6 22. Bxd4 Bxd4 23. Nf3 Bxg4 24. dxc4 Rf5 25. Qxd4 Bxf3 26. Rxb7 g5 27. Qc5
gxh4 28. Qe7 Qh6 29. Qe6+ Kh8 30. Re1 Qg6 31. Kf1 hxg3 32. fxg3 Bh5+ 33. Kg2 Rf3
34. Qe8+ Rxe8 35. Rxe8+ Qxe8 0-1

[Event "Challenge"]
[Site "http://www.queenalice.com/game.php?id=531940"]
[Date "2009.1.30"]
[Round "-"]
[White "flanny"]
[Black "mossy"]
[Result "0-1"]
[WhiteElo "1336"]
[BlackElo "1275"]

1. e3 d5 2. g3 e5 3. Bg2 Nf6 4. Nf3 Nc6 5. O-O Bd6 6. d4 Be6 7. b3 Qd7 8. c4 Bh3
9. cxd5 Bxg2 10. dxc6 Qh3 11. Ne1 Ng4 12. Qxg4 Qxg4 13. Kxg2 Qe4+ 14. Nf3 g5 15.
Nd2 Qxc6 16. Kg1 Bb4 17. Nxe5 Qb5 18. a4 Qa6 19. Ne4 f6 20. Nc4 h5 21. Nc5 Qc6
22. Rd1 g4 23. Bd2 Bxc5 24. dxc5 h4 25. Re1 h3 26. e4 O-O-O 27. Rad1 Qxc5 28.
Be3 Qe7 29. Bxa7 Rd7 30. Rc1 Rd4 31. Nb6+ Kd8 32. Nd5 Qe5 33. Bxd4 Qxd4 34. Rcd1
Qc3 35. Re3 Qc2 36. Nb4+ Qxd1+ 37. Re1 Qxe1# 0-1

[Event "Round 1"]
[Site "http://www.queenalice.com/game.php?id=538551"]
[Date "2009.2.11"]
[Round "-"]
[White "Mr_SPOCK"]
[Black "mossy"]
[Result "0-1"]
[WhiteElo "1649"]
[BlackElo "1293"]

1. e4 e5 2. Qh5 Nf6 3. Qxe5+ Be7 4. d4 Nc6 5. Qf4 Nxd4 6. Na3 O-O 7. Be3 Ne6 8.
Qh4 Nd5 9. Qg3 Bxa3 10. bxa3 Nc3 11. Bh6 Qf6 12. Bxg7 Nxg7 13. Nf3 Nxe4 14. Qg4
Qxa1+ 15. Ke2 Re8 16. Kd3 Nxf2+ 17. Kd2 Nxg4 18. Bc4 Qxh1 19. Kc3 Qxg2 20. Ng5
Re3+ 21. Kb4 Ne5 22. Bb3 Qxg5 23. a4 Nc6+ 24. Ka3 Re1 25. a5 Rb1 26. h4 Qc5+ 27.
Ka4 Qb4# 0-1